[Event "Olympiad-41"]
[Site "Tromsoe"]
[Date "2014.08.11"]
[Round "9.1"]
[White "Carlsen, Magnus"]
[Black "Solak, Dragan"]
[Result "1-0"]
[WhiteElo "2877"]
[BlackElo "2632"]
[Annotator "Roiz,Michael"]
[PlyCount "119"]
[EventDate "2014.08.02"]
[EventType "team-swiss"]
[EventRounds "11"]
[EventCountry "NOR"]
[SourceTitle "CBM 162"]
[Source "ChessBase"]
[SourceDate "2014.09.17"]
[SourceVersion "1"]
[SourceVersionDate "2014.09.17"]
[SourceQuality "1"]
[WhiteTeam "Norway"]
[BlackTeam "Turkey"]
[WhiteTeamCountry "NOR"]
[BlackTeamCountry "TUR"]

1. c4 c6 2. Nf3 d5 3. e3 Nf6 4. Nc3 a6 5. h3 $5 {An interesting way to deviate from the main lines in the Slav.} e6 6. b3 ({After} 6. d4 Nbd7 {Black has a superb version of the Meran.}) 6... Bd6 {Black is ready to push e6-e5, so White should clarify the situation in the centre.} ({The alternatives are:} 6... c5 7. cxd5 (7. d4 Nc6 8. Bb2 cxd4 9. Nxd4 Bd6 10. Be2 O-O 11. O-O Qe7 $11 {0-1 Gelfand,B (2729)-Bacrot,E (2707)/Rishon Le Ziyyon 2006/CBM 114 ext (39)}) 7... exd5 8. d4 Nc6 9. Bb2 cxd4 10. Nxd4 Bd6 11. Nxc6 bxc6 12. Bd3 O-O 13. O-O $14) (6... Nbd7 7. d4 (7. Bb2 e5) 7... Bb4 8. Bd2 O-O 9. Bd3 Bd6 (9... Qe7 $5) 10. O-O e5 11. cxd5 cxd5 12. dxe5 Nxe5 13. Nxe5 Bxe5 14. Rc1 {may transpose to another topical line of Meran.}) ({RR} 6... c5 7. d4 Nc6 8. Bb2 cxd4 9. Nxd4 Bd6 10. Be2 O-O 11. O-O Qe7 12. Rc1 Bd7 13. Nxc6 Bxc6 14. cxd5 exd5 15. Qd4 Rfe8 16. Rfd1 Be5 17. Qh4 Rad8 18. Bf3 h6 19. Rd2 Kh7 20. Nxd5 Bxd5 21. Bxe5 {Gelfand,B (2729)-Bacrot,E (2707) Rishon Le Ziyyon 2006 0-1 (39)}) 7. d4 Nbd7 8. Bb2 O-O ({RR} 8... Ne4 9. Nxe4 dxe4 10. Nd2 f5 11. Qh5+ g6 12. Qe2 Qe7 13. O-O-O O-O 14. Kb1 a5 15. f3 exf3 16. Nxf3 a4 17. h4 axb3 18. axb3 Nf6 19. c5 Bc7 20. Rh3 b6 21. Qc2 Nd5 22. Nd2 bxc5 23. dxc5 {Borgo,G (2295)-Sedina,E (2208) Darfo Boario Terme ITA 2025 0-1 (35)}) 9. Be2 $146 {A natural novelty in a typical but rare Meran position.} ({There was an alternative worth considering:} 9. Bd3 $5 e5 (9... Re8 10. O-O e5 11. dxe5 Nxe5 12. cxd5 cxd5 13. Na4 Nc6 14. Bxf6 Qxf6 15. Nb6 Rb8 16. Nxd5 $14 {½-½ Daly,C (2365)-Ryan,J (2275)/Drogheda 1999/EXT 2000 (79)}) 10. cxd5 cxd5 11. dxe5 Nxe5 12. O-O Nxf3+ 13. Qxf3 Be5 14. Rfd1 $14 {with some pressure on the isolated pawn.}) ({RR} 9. Qc2 e5 10. g4 exd4 11. Nxd4 dxc4 12. Bxc4 Ne5 13. Be2 c5 14. Nf5 Bxf5 15. Qxf5 c4 16. g5 Nfd7 17. Rd1 Bb4 18. O-O g6 19. Qf4 Bxc3 20. Bxc3 f6 21. Bxc4+ Kh8 22. gxf6 Qxf6 23. Rxd7 {1-0 (23) Kovalenko,I (2654)-Demidov,M (2546) Riga 2019}) 9... Qe7 10. g4 $6 {White's setup isn't suitable for such aggressive measures.} ({More to the point was} 10. O-O e5 $140 (10... b6 $5 11. Qc2 Bb7 {might be the best way to handle this position.}) 11. dxe5 (11. cxd5 $6 e4 12. Nd2 cxd5 $15) 11... Nxe5 12. cxd5 Nxf3+ 13. Bxf3 Qe5 14. g3 Bxh3 15. dxc6 bxc6 (15... Bxf1 $2 16. cxb7 Rad8 17. Qxf1 $18) 16. Re1 Rfd8 17. Qc2 Qg5 18. Ne2 $14) 10... b5 {Black has control over the key e4-square, so there is no need to hurry with 10...e4.} 11. g5 {What else?} (11. Qc2 dxc4 12. bxc4 bxc4 13. g5 Nd5 14. Bxc4 Rb8 $15) (11. c5 Bc7 12. b4 a5 13. a3 e5 $15) 11... Ne4 {Black takes over the initiative, as the e1 is stuck in the centre.} 12. Nxe4 (12. c5 {was hardly any better:} Bc7 13. Nxe4 dxe4 14. Nd2 e5 15. Qc2 f5 $36) 12... dxe4 13. Nd2 f5 $1 ({The text is much stronger than} 13... Qxg5 14. Nxe4 Bb4+ 15. Kf1 Qh4 16. Nd2 $132) 14. h4 {That is probably the best practical decision - the advanced kingside pawns may give White some tactical resources in the future.} (14. gxf6 {Opening up the f-file couldn't suit White:} Nxf6 15. Qc2 e5 16. O-O-O exd4 17. Bxd4 (17. exd4 Bf5 18. Nf1 bxc4 19. Bxc4+ Nd5 20. Ne3 Kh8 $15) 17... Be5 $15) 14... e5 {This natural advance is the most natural way to proceed.} ({But Black had a better way to develop the initiative:} 14... c5 $142 $1 15. cxb5 cxd4 16. Bxd4 axb5 17. Bxb5 Ne5 $36) 15. c5 Bc7 16. a4 $6 {White has no time for real counterplay on the queenside.} ({It was the right moment to get some space for the pieces:} 16. b4 $1 exd4 17. exd4 Kh8 (17... Bb7 18. Qb3+ Kh8 19. a4 f4 20. f3 $132) 18. a4 Bb7 19. Qb3 $132) 16... f4 $1 (16... exd4 17. exd4 Bb7 (17... e3 18. Nf3 Re8 19. Qd3 exf2+ 20. Kxf2 $132) 18. b4 f4 19. Qc2 e3 20. Nf3 $132) 17. Qc2 {Freeing a way for the king.} ({There was no time for} 17. axb5 {in view of} fxe3 18. bxc6 exf2+ 19. Kf1 exd4 20. cxd7 Bxd7 21. Bxd4 e3 22. Nf3 Rad8 23. Bc4+ Be6 $36 {with a strong attack.}) 17... fxe3 (17... exd4 $5 18. Bxd4 Ne5 19. Nxe4 (19. axb5 cxb5 20. Qxe4 Bf5 21. Qd5+ Kh8 $40) 19... Bf5 20. O-O-O Qe6 $36) 18. fxe3 exd4 19. Bxd4 {This decision is double-edged. White keeps the bishop useful along the a1-h8 diagonal, but Black gets the important e5-square for his pieces.} ({On the other hand,} 19. exd4 e3 20. Nf1 Qf7 21. O-O-O Re8 $36 {looks unpleasant as well.}) 19... Ne5 20. axb5 $6 {Magnus is playing with fire. Black gets a golden opportunity to develop a direct attack.} (20. Nxe4 {was called for:} Nf3+ (20... Ba5+ 21. Kd1 Bg4 22. Bxg4 Nxg4 23. Kc1 Bc7 $44) 21. Bxf3 Rxf3 22. axb5 cxb5 23. Rg1 Qe8 $44 {In the resulting position Black has obvious compensation for a pawn, but there is nothing decisive.}) 20... Nd3+ $1 {Dragan takes his chance.} (20... cxb5 21. Qxe4 Bf5 22. Qd5+ Kh8 23. O-O-O Rfd8 24. Qg2 Rac8 $44) 21. Bxd3 exd3 22. Qxd3 Bf5 $36 {The light squares in White's camp are extremely weak now.} 23. Qe2 (23. Qc3 Bg3+ 24. Kd1 axb5 $36) 23... cxb5 ({There was nothing wrong with the other recapture} 23... axb5 24. Rxa8 Rxa8 25. O-O Bh3 $17) (23... Bg3+ $5 24. Kd1 Rad8 $1 25. Qc4+ (25. bxa6 $4 Rxd4 26. exd4 Bc2+ $19) 25... Be6 26. Qc3 axb5 $17) 24. O-O-O {The king is under attack there too, but there was no choice.} Qe6 {At this stage of the game Magnus had to find precise moves in order to avoid an immediate loss.} (24... Rad8 $5 25. Qg2 Rxd4 26. exd4 Qe3 27. Kb2 Qxd4+ 28. Ka2 Qxc5 $17) 25. Qg2 Rad8 (25... Be5 26. Rde1 Rac8 27. h5 Bd3 $17) 26. Rhf1 Be5 27. Rde1 Bd3 $2 {The first serious inaccuracy by Dragan in this game. Exchanging one pair of rooks will decrease the attacking potential.} (27... Rf7 $1 {[%cal Gf5h3]} 28. h5 (28. Rg1 Rc7 $19) 28... Bh3 29. Qe4 Bxf1 30. Qxe5 Qxe5 31. Bxe5 Rd5 32. Bd6 Bg2 $17) 28. Rxf8+ Rxf8 29. Rd1 {Now it looks like White has almost consolidated, but Black starts to disturb the king again.} a5 $1 30. h5 a4 31. Kb2 $2 {This could be a decisive mistake by the World Champion, but Dragan's task wasn't easy.} (31. h6 $1 Bg6 32. Qb7 Rb8 33. Qa7 gxh6 34. gxh6 Qd5 35. Rg1 $132) 31... Rd8 $2 {This natural move (especially under time pressure) is actually a serious mistake.} ({Provoking b3-b4 would drastically change the picture:} 31... Rc8 $1 32. b4 {and only now} Rd8 $1 {wins by force:} 33. Qf2 (33. h6 a3+ $1 34. Kc3 Bg6 $19 {[%cal Ge6a2]}) 33... a3+ 34. Ka1 Qg4 35. Nf3 Bxd4+ 36. exd4 Be4 37. Rf1 Bxf3 38. Qxf3 Qxd4+ $19) 32. h6 $1 {Now the threat of 32...xd4 isn't fatal, so White can create some counterplay and stay in the game!} a3+ $2 {Mistakes are rarely come alone in such sharp positions!} (32... Rxd4 {leads only to equality after} 33. exd4 Bxd4+ 34. Ka3 Bxc5+ 35. b4 Bf8 (35... Bxb4+ 36. Kxb4 Qd6+ 37. Ka5 Qc7+ 38. Kb4 Qd6+ $11) 36. hxg7 Bxg7 37. Rc1 Bg6 38. Qa8+ Bf8 39. Qc6 $11) ({But} 32... Bxd4+ 33. exd4 Qe3 34. Qg1 Qf4 $1 {would still keep the initiative. For instance,} 35. Nf1 Be2 36. g6 gxh6 37. Re1 Re8 38. c6 Qf3 39. Qg3 Qxc6 40. gxh7+ Kxh7 41. Nd2 Bh5 $15) 33. Ka2 Bxd4 34. exd4 {Suddenly the a2 is not under attack, so Black has his troubles!} Qe3 35. Qg1 $2 {Returning the favour.} (35. c6 $1 {After} Qf4 (35... Qxd4 36. Ne4 Rc8 37. Nc5 $18) 36. Nf1 Rxd4 (36... Qxd4 37. c7 Rc8 38. Rd2 Rxc7 39. Qa8+ Kf7 40. Qf3+ Kg8 41. Qxd3 $18) 37. Qh2 $3 {Black cannot keep the queens on the board, so the passed c-pawn decides the game.}) 35... Qe2 $2 ({The game should have ended in a draw in the event of} 35... Qf4 36. Nf1 Be2 37. Rd2 Bxf1 38. Rf2 Qxd4 39. Qxf1 Qxc5 $11) 36. Qe1 {Magnus doesn't miss a second chance to swap the queens.} Rxd4 37. c6 Rd6 $1 ({Correctly deviating from the rook ending:} 37... Bb1+ 38. Kxa3 Qxe1 39. Rxe1 Rxd2 40. Rxb1 Rc2 41. Kb4 Rxc6 42. Kxb5 Rg6 43. b4 Rxg5+ 44. Kc6 Rg6+ 45. Kc7 Rxh6 46. b5 $18) 38. c7 Rc6 39. Qxe2 Bxe2 40. Re1 Bg4 41. Re7 {The endgame loos really difficult for Black, but there are definite drawish chances.} gxh6 42. gxh6 Rxh6 43. Re4 {Now Black has to find a good square for the bishop...} (43. Kxa3 $2 Kf8 44. Re4 Bd7 45. Rd4 Ke7 $11) 43... Bf5 $2 {Finally Dragan overlooks a nice tactical resource and loses on the spot.} ({Had he played} 43... Bd7 44. Rd4 Bh3 45. Rd3 Bf5 46. Rg3+ Kh8 $14 {the position would be drawish due to a reduced material balance.}) 44. Nf3 $1 {That is the point! The bishop is vulnerable on f5, so White can avoid a pin and win a piece.} (44. Re5 $2 Rh2 45. Rxf5 Rxd2+ 46. Kxa3 Rc2 $11) 44... Bh3 (44... Rc6 {offered no hope either:} 45. Nd4 Rxc7 46. Nxf5 $18) ({And} 44... Ra6 45. Nd4 Bd7 46. Re8+ Kf7 47. c8=Q Bxc8 48. Rxc8 $18) 45. Ng5 Bf5 46. Re5 Bg4 47. Ne6 $18 {Finally White wins a piece and easily wins.} Rh2+ 48. Kxa3 Rc2 49. Rg5+ ({A slightly simpler way was} 49. Nc5 Kf7 50. Kb4 h5 51. Rxh5) 49... Kf7 50. Nd4 (50. Nc5 h6 51. Rd5 Ke7 52. Kb4 $18) 50... Rxc7 51. Rxg4 Rb7 52. Kb4 Kf6 53. Nf3 {Preventing any counterplay.} ({There was also nothing wrong with} 53. Nxb5 h5 54. Rg2 h4 55. Kc5 h3 56. Rh2 Rh7 57. Nd4 Kg5 58. b4 Kg4 59. Ne2 $18) 53... h5 54. Rf4+ Kg6 55. Kc5 b4 ({Or} 55... Rb8 56. b4 Rb7 57. Kc6 Rb8 58. Kc7 Rh8 59. Kb6 Rb8+ 60. Kc6 Kg7 61. Rf5 $18) 56. Rxb4 Rxb4 57. Kxb4 Kf5 58. Kc3 Kf4 59. Nh4 Kg4 60. b4 ({Black resigns in view of} 60. b4 Kxh4 61. b5 Kg3 62. b6 h4 63. b7 h3 64. b8=Q+) 1-0

[Event "Moscow Tal Memorial 8th"]
[Site "Moscow"]
[Date "2013.06.15"]
[Round "3"]
[White "Carlsen, Magnus"]
[Black "Caruana, Fabiano"]
[Result "0-1"]
[WhiteElo "2864"]
[BlackElo "2774"]
[Annotator "ChessBase"]
[PlyCount "124"]
[EventDate "2013.06.13"]
[EventType "tourn"]
[EventRounds "9"]
[EventCountry "RUS"]
[EventCategory "22"]
[SourceTitle "CBM 155"]
[Source "ChessBase"]
[SourceDate "2013.07.16"]
[SourceVersion "1"]
[SourceVersionDate "2013.07.16"]
[SourceQuality "1"]

1. Nf3 Nf6 2. g3 d5 3. Bg2 c6 4. O-O Bg4 5. c4 e6 6. cxd5 Bxf3 7. Bxf3 cxd5 8. Nc3 Nc6 9. d4 Be7 10. e3 O-O 11. b3 Qa5 12. Bb2 Ba3 13. Qc1 Bxb2 14. Qxb2 Rfc8 $146 ({RR} 14... Rac8 15. Rac1 Ne7 16. Rfd1 Nf5 17. Be2 Nd6 18. Rc2 Rc6 19. Rdc1 Rfc8 20. Kg2 g6 21. Bd3 Kg7 22. f3 Nf5 23. Kf2 h5 24. Bxf5 exf5 25. Ne2 Rxc2 26. Rxc2 Re8 27. h4 Re6 28. Rc5 Qa6 29. Nf4 {Kobo,O (2477)-Saric,I (2664) Caleta 2018 1-0 (45)}) 15. Rac1 Ne7 16. Na4 Nd7 17. Nc5 Nxc5 18. dxc5 Rxc5 19. b4 Rb5 20. a3 Qd8 21. e4 a5 22. exd5 Nxd5 23. Rc5 Qb6 24. Rxb5 Qxb5 25. Bxd5 exd5 26. Rc1 Re8 27. Qd4 axb4 28. axb4 h6 29. Kg2 b6 30. Rd1 Re4 31. Qxd5 Qxd5 32. Rxd5 Rxb4 33. h4 Kf8 34. Rd7 Re4 35. Rb7 Re6 36. g4 g5 37. f4 gxf4 38. Kf3 Rf6 39. g5 Rc6 40. Kxf4 h5 41. Kf5 Kg7 42. Rb8 Rc5+ 43. Kf4 Rb5 44. Ke4 Rb1 45. Kf5 Rb2 46. Kf4 Rb4+ 47. Ke5 Kg6 48. Rg8+ Kh7 49. Rf8 Rxh4 {Caruana's cut off This is an important technique in rook endings:} 50. Rxf7+ $2 {This capture is too greedy.} (50. Rb8 $1 {saves the day, e.g.} b5 (50... Rb4 51. Kf6 $1 {(Golubev)} h4 52. Rb7 Rf4+ 53. Ke5 Rf1 54. Rxb6 $11) 51. Rxb5 Kg6 52. Rb8 Kxg5 53. Rg8+ $1 {(Golubev in Chess Today 4603)} Kh6 54. Kf5 Ra4 55. Rh8+ Kg7 56. Rb8 h4 57. Rb3 Kh6 58. Rb6+ Kh5 59. Rb8 Ra5+ 60. Kf4 Ra6 61. Rb5+ Kg6 62. Kg4 Ra4+ 63. Kh3 $11) 50... Kg6 51. Rf6+ (51. Rf8 {is also insufficient, e.g.} Kxg5 52. Rg8+ Kh6 53. Rb8 Rc4 54. Kf6 Rc6+ 55. Kf5 Rd6 56. Ke5 (56. Rh8+ Kg7 57. Rxh5 $6 Rd5+ 58. Kg4 Rxh5 59. Kxh5 b5 $19) 56... Rg6 57. Kf5 Rc6 58. Rg8 Rd6 59. Rb8 Kg7 60. Rb7+ Kf8 61. Kg5 Ke8 62. Kxh5 Kd8 63. Kg5 Kc8 64. Rh7 Rd7 $19) 51... Kxg5 52. Rxb6 (52. Rf5+ {is met by} Kg4 53. Ke4 Rh3 54. Rb5 Rh1 $1 {(Heimers)} 55. Rxb6 Re1+ 56. Kd3 h4 57. Kd2 Re5 58. Rg6+ Kh5 59. Rg8 h3 60. Rh8+ Kg4 61. Rg8+ Rg5 $19) 52... Ra4 {The cut off decides.} 53. Rb8 Kg4 54. Rg8+ Kf3 55. Rf8+ Kg3 56. Rg8+ Kh2 57. Kf5 h4 58. Rb8 ({Just waiting with} 58. Rg7 {is broken by} h3 59. Rg8 Kh1 60. Rg7 h2 61. Rg8 Ra1 62. Kf4 Rg1 63. Ra8 Kg2 64. Ra2+ Kh3 65. Ra3+ Kh4 66. Ra8 Rf1+ $19) 58... h3 59. Kg5 ({After} 59. Rb2+ {Caruana's king hides on h4:} Kg3 60. Rb3+ Kh4 $19) 59... Re4 60. Kf5 Re2 61. Rg8 (61. Kf4 Kg2 62. Rg8+ Kf1 63. Kf3 h2 64. Rh8 Rf2+ 65. Ke3 Kg1 66. Rh7 Rg2 $19) 61... Rg2 62. Rd8 Rf2+ (62... Rf2+ 63. Ke4 Kg1 64. Ke3 h2 65. Rh8 Rg2 66. Ra8 h1=Q $19) 0-1

[Event "Norway Chess 4th"]
[Site "Stavanger"]
[Date "2016.04.28"]
[Round "8"]
[White "Aronian, Levon"]
[Black "Carlsen, Magnus"]
[Result "1-0"]
[WhiteElo "2784"]
[BlackElo "2851"]
[Annotator "Marin,Mihail"]
[PlyCount "61"]
[EventDate "2016.04.19"]
[EventType "tourn"]
[EventRounds "9"]
[EventCountry "NOR"]
[EventCategory "21"]
[SourceTitle "CBM 172"]
[Source "ChessBase"]
[SourceDate "2016.05.12"]
[SourceVersion "1"]
[SourceVersionDate "2016.05.12"]
[SourceQuality "1"]

1. c4 {When replaying the first 7 moves of the game I was pleased to notice that Aronian followed the lines given in the second volume of my English trilogy.} ({But then everything changed when Carlsen switched to a line I examined in CBM 170:} 1. Nf3 Nf6 2. g3 g6 3. b3 Bg7 4. Bb2 d5 5. c4 dxc4 6. bxc4 c5 7. Bg2 O-O 8. O-O Nc6 {The only difference is that... Carlsen played this position with a tempo down! In the genuine ...dxc4 line Black's extra tempo makes itself felt if play continues in the same spirit as in one of the lines below:} 9. Ne5 Na5 10. Qc1 Ng4 11. Nxg4 Bxg4 12. Bxg7 Kxg7 13. d3 Rc8 14. Nc3 Qd7 15. Nb5 b6 {With the queen on d7 instead of d8, the last move defends the queenside properly solving most of Black's problems. In fact, in my article I had recommended 9.d3 instead of 9.e5.}) 1... Nf6 2. g3 c6 3. Bg2 d5 4. Nf3 g6 5. b3 Bg7 6. Bb2 O-O 7. O-O dxc4 $6 8. bxc4 c5 {Carlsen's win over a difficult opponent (Kramnik) in the previous round might have been the reason behind such a weird opening choice. But as we will see, there have been some strong players who have experimented in this way before.} 9. d3 ({RR} 9. Ne5 Qc7 10. Qb3 Rd8 11. Rd1 Nbd7 12. f4 Rb8 13. Na3 a6 14. d4 cxd4 15. Bxd4 Nc5 16. Qe3 Rxd4 17. Qxd4 Bf5 18. Qe3 Nfd7 19. Nxd7 Nxd7 20. Rac1 Bb2 21. Qxe7 Qa5 22. Nc2 Bxc1 23. Rxc1 Qxa2 {Ivanchuk,V (2756)-Svidler,P (2741) Ohrid 2009 0-1 (41)}) 9... Nc6 10. Ne5 {With an extra tempo White has no reason to refrain from this active knight move.} Na5 $146 {This is the thematic answer, aimed at leaving the e5-knight vulnerable.} (10... Nxe5 11. Bxe5 {frees the white knight's way to c3 forcing Black to lose some time to exchange the dominating bishop.} Ne8 12. Bxg7 Kxg7 (12... Nxg7 13. Nc3 Nf5 14. Rb1 Rb8 15. Qa4 a6 16. Qa3 b6 17. Rb2 Nd4 18. Rfb1 $16 {Stein,L (2605)-Shamkovich,L (2520) Leningrad 1971 (1-0, 37)}) 13. Nc3 Rb8 14. a4 Bd7 15. a5 Nd6 16. Qc1 Nf5 17. Qb2 Kg8 18. Rfb1 $36 {Radjabov,T (2734)-Gelfand,B (2743) Beijing (blitz) 2014 (½-½, 45). In both these games White's queenside play develops naturally, without any shadow of counterplay for Black.}) (10... Nd4 {avoids the exchange but wastes time.} 11. e3 Nf5 12. Qc2 (12. Nc3 Nd7 13. Nf3 b6 14. Nh4 Rb8 15. Nxf5 gxf5 {Giri,A (2722)-De Jong,J (2424) Netherlands 2011 (1-0, 35)} 16. Qe2 $14) 12... Rb8 13. Nd2 Nd7 14. Nef3 e5 15. a4 a5 16. Ne4 b6 17. Nc3 $16 {[%csl Gd5] Giri,A (2737)-Negi,P (2662) Linares 2013 (½-½, 64)}) 11. Qc1 $146 {A cunning and typically English way of developing the queen. Apart from defending the bishop thus avoiding any pin along the long diagonal, Her Majesty is prepared to move to a3, causing Black serious queenside problems.} ({RR} 11. Nc3 Nd7 12. Ng4 f5 13. Ne3 e6 14. Rb1 Rb8 15. Nb5 Bxb2 16. Rxb2 a6 17. Na7 b6 18. Nxc8 Rxc8 19. Qa4 f4 20. Bh3 Rc6 21. Ng2 g5 22. Qc2 Ne5 23. Ne1 Rd6 24. Bg2 Nac6 25. Bxc6 Nxc6 {Rezasade,A (2314)-Kolosowski,M (2477) Germany 2020 0-1 (45)}) ({RR} 11. Qd2 Nd7 12. Ng4 Bxb2 13. Qxb2 h5 14. Ne3 Rb8 15. Nd2 b6 16. f4 e6 17. g4 Qf6 18. Qxf6 Nxf6 19. g5 Nd7 20. Nb3 Nxb3 21. axb3 a5 22. Nd1 Bb7 23. Nc3 Bxg2 24. Kxg2 Rbd8 25. Rad1 Nb8 {Lorparizangeneh,S (2456)-Stany,G (2439) Kuwait City KUW 2025 1-0 (77)}) 11... Qc7 {This plan, aiming to take advantage of the white knight's vulnerability, is too time consuming.} ({But with a tempo down, the plan recommended in my article does not work out so well:} 11... Ng4 12. Nxg4 Bxg4 13. Bxg7 Kxg7 14. Nc3 {White will try forcing the weakening of Black's queenside with b5, even though this looks like a loss of time after ...a6, b5-c3.} Rb8 (14... Rc8 15. Nb5 Nc6 16. h3 Be6 17. Qa3 a6 18. Nc3 $14) 15. Nb5 a6 (15... Nc6 16. Rb1 Qd7 17. Qa3 $14 b6 18. Bxc6 Qxc6 19. Nxa7 Qb7 20. f3 Bh3 21. Rfd1 Ra8 22. Qb2+ f6 23. Nb5 $16) 16. Nc3 $14 {In all these lines Black faces difficulties keeping the integrity of his queenside.}) 12. Nd2 {A natural developing move} ({But speeding up the queenside attack with} 12. Bc3 Ne8 13. Qb2 {may be even more effective:} Rb8 14. Na3 a6 (14... Nd6 15. Nb5 Nxb5 16. cxb5 $16 {[%csl Ra5]}) 15. Rab1 b6 16. f4 $16 {In order to avoid losing material due to the threat xa5, Black has nothing better than taking on e5 with an obvious advantage for White.}) 12... Ne8 13. f4 Nd6 $6 {After this logical move Black will not manage to keep his queenside together.} ({The insertion of the fairly unaesthetic} 13... f6 {offers better chances for surviving:} 14. Nef3 Nd6 15. Nb3 {[%csl Ra5,Rc5][%cal Gb2c3]} ({After the white knight's retreat} 15. Bc3 {is not dangerous due to} Nc6 $11) 15... Nxb3 {Black will have to take on b3 after c3 anyway and it is questionable whether he can find a useful move in between.} 16. axb3 a5 17. d4 $14) 14. Bc3 Rb8 ({It is too late for} 14... f6 {already:} 15. Qa3 fxe5 16. Bxa5 $16) 15. Qa3 {A remarkable moment for a game which started with such a peaceful opening at this level: after only 15 moves Black cannot avoid losing material.} b6 {.} 16. Bxa5 bxa5 17. Nb3 Nb7 {The best practical chance. In order to win the pawn White needs to part with his g2-bishop, offering Black some chances to muddy the waters.} (17... Nf5 {has similar ideas but after} 18. Qxc5 Qxc5+ 19. Nxc5 Rb2 20. Kf2 Bxe5 21. fxe5 Nd4 22. Bf3 Nxf3 23. Kxf3 {the absence of queens makes White's position easier to handle than in the game.}) 18. Bxb7 Qxb7 {Black needs to keep the queens on the board.} (18... Bxb7 19. Qxc5 {[%csl Gc7]}) 19. Nxc5 Qc7 20. d4 Rd8 {This and the next few moves are aimed at shattering White's stability in the centre. and clearing the path for the c8-bishop.} 21. Rfd1 f6 22. Nf3 e5 23. fxe5 fxe5 24. Nxe5 Bxe5 ({The thematic} 24... Rxd4 {is insufficient:} 25. Rxd4 Bxe5 26. Qe3 $1 {The only move which retauns the advantage by centralising the queen, but not a very difficult one to find.} (26. Rad1 Bxd4+ 27. Rxd4 Bh3 $44) (26. Rdd1 Bxa1 27. Rxa1 Qe5 28. Re1 Bh3 $19) (26. e3 Bh3 $132) 26... Bf5 (26... Bh3 27. Rad1 Bxd4 28. Qxd4 {[%cal Gc5e4,Ge4f6]}) (26... Qxc5 $2 27. Rd8+ {[%csl Gc5]}) 27. Rad1 Bxd4 28. Rxd4 ({The capture with the queen is slightly less clear than in the previous line since the e4-square is controlled.} 28. Qxd4 Qe7 $5) 28... Bh3 (28... Qxc5 29. Rd8+) 29. Kf2 Qc6 30. Re4 {Not the only move, of course, since ...g2+ is not such a big threat. But it is useful to provoke opposition of the rooks.} Rf8+ 31. Rf4 Qg2+ 32. Ke1 $18 {[%cal Ge1d2,Gc5d3]}) 25. dxe5 Rxd1+ $6 {The prelude to a suicidal idea.} (25... Bh3 $142 26. Nd3 $16 {[%csl Rg2,Rh3][%cal Gd3f4,Gd3f2]}) 26. Rxd1 Qxe5 $2 {Losing immediately.} (26... Bh3 27. Nd3 $16) 27. Rd8+ Kf7 ({Carlsen might have overlooked that} 27... Kg7 28. Ne6+ $1 {[%cal Ga3f8] yields a mating attack.}) 28. Qf3+ Bf5 29. Rxb8 Qxb8 30. g4 {[%csl Gf5]} Qb4 31. Nd3 1-0